[Event "xadrez"]
[Site "http://www.queenalice.com/game.php?id=640570"]
[Date "2009.8.22"]
[Round "-"]
[White "axelsun"]
[Black "tiagohi"]
[Result "1-0"]
[WhiteElo "1984"]
[BlackElo "1353"]

1. Nf3 d5 2. d4 b5 3. c4 bxc4 4. Nc3 c6 5. e4 e6 6. Be2 Nf6 7. Bg5 Be7 8. O-O
Qb6 9. e5 Ne4 10. Bxe7 Kxe7 11. Qc2 a5 12. Rab1 c5 13. Bxc4 dxc4 14. Qxe4 Bb7
15. d5 Bxd5 16. Nxd5+ Kd7 17. Nxb6+ Kd8 18. Qxa8 Kc7 19. Rfd1 Rd8 20. Rxd8 1-0

[Event "Xadrez !!      ; )"]
[Site "http://www.queenalice.com/game.php?id=660747"]
[Date "2009.9.30"]
[Round "-"]
[White "tiagohi"]
[Black "jeudes2"]
[Result "0-1"]
[WhiteElo "1343"]
[BlackElo "1756"]

1. e4 d5 2. e5 Bf5 3. d4 c5 4. Nf3 Nc6 5. dxc5 e6 6. Ng5 Nb4 7. Qe2 Nxc2+ 8. Kd1
h6 9. Nf3 Qa5 10. Be3 Bxc5 11. Bxc5 Qxc5 12. Na3 Nxa1 13. Qb5+ Qxb5 14. Nxb5 Kd7
15. Be2 Nc2 16. Kd2 Nb4 17. a3 Nc6 18. h3 Nge7 19. g4 Be4 20. Nd6 Nxe5 21. Nxe4
Nxf3+ 22. Bxf3 dxe4 23. Bxe4 Rhd8 24. Ke3 Ke8 25. Bxb7 Rab8 26. Be4 Rxb2 27. f3
Nd5+ 28. Kd4 Nf6+ 29. Ke5 Rb5+ 30. Kf4 g5+ 31. Kg3 Nxe4+ 32. fxe4 Rd3+ 33. Kf2
Rb2+ 0-1

[Event "Xadrez !!      ; )"]
[Site "http://www.queenalice.com/game.php?id=660751"]
[Date "2009.9.30"]
[Round "-"]
[White "jeudes2"]
[Black "tiagohi"]
[Result "1-0"]
[WhiteElo "1856"]
[BlackElo "1333"]

1. d4 d5 2. c4 dxc4 3. Nf3 Nc6 4. Qc2 b5 5. e3 Nb4 6. Qe4 Rb8 7. Na3 a6 8. Be2
e6 9. O-O Bb7 10. Qg4 f5 11. Qh3 g5 12. Qh5+ Kd7 13. Nxg5 Ke7 14. Qf7+ Kd6 15.
Qxe6# 1-0

[Event "Invitation"]
[Site "http://www.queenalice.com/game.php?id=675479"]
[Date "2009.10.31"]
[Round "-"]
[White "tiagohi"]
[Black "lucianochips"]
[Result "1-0"]
[WhiteElo "1339"]
[BlackElo "1212"]

1. e4 b6 2. e5 Nc6 3. f4 d5 4. c3 b5 5. d4 Bf5 6. Bxb5 Qd7 7. h3 Rb8 8. Qa4 Rxb5
9. Qxb5 Nh6 10. Nf3 f6 11. Bd2 fxe5 12. dxe5 Nf7 13. O-O e6 14. b4 h5 15. Qb7
Bd6 16. Na3 Bd3 17. Rfd1 Qe7 18. Qxc6+ Kd8 19. Nb5 Bxb5 20. Qxb5 Rh6 21. Nd4 Qd7
22. Nc6+ Ke8 23. Qb8+ Nd8 24. Nxd8 Qxd8 25. Qxa7 Be7 26. f5 exf5 27. Bxh6 gxh6
28. Qa6 h4 29. Qxh6 c5 30. e6 cxb4 31. c4 Qb6+ 32. Kh2 f4 33. Qh8+ Bf8 34. Rxd5
Qc6 35. Qf6 Qxc4 36. Rd8# 1-0

[Event "Let's Play Chess!"]
[Site "http://www.queenalice.com/game.php?id=680218"]
[Date "2009.11.9"]
[Round "-"]
[White "tiagohi"]
[Black "paddymalonespub"]
[Result "0-1"]
[WhiteElo "1341"]
[BlackElo "1681"]

1. e4 e5 2. c3 Nf6 3. Bd3 d5 4. f3 dxe4 5. Bxe4 Nxe4 6. fxe4 Qd3 7. Qf3 Qc2 8.
Ne2 Qa4 9. Na3 Bxa3 10. bxa3 Qd7 11. Ng3 Qg4 12. Qxg4 Bxg4 13. Nf5 O-O 14. Rb1
b6 15. h3 Bxf5 16. d3 Be6 17. Rb2 Nc6 18. a4 Rad8 19. g4 Rxd3 20. Bd2 Na5 21.
Ke2 Bc4 22. Kd1 Rfd8 23. Rh2 Rxc3 24. Rc2 Ra3 25. Rf2 Bxa2 26. Kc1 Rxa4 27. Re2
Bb3 28. Rxc7 Rc4+ 29. Rxc4 Bxc4 30. Rf2 f6 31. Bb4 Nb3+ 32. Kc2 b5 33. Bc5 a5
34. g5 Nxc5 35. gxf6 gxf6 36. Rxf6 Nxe4 37. Ra6 Rd2+ 0-1

[Event "Xadrez !!"]
[Site "http://www.queenalice.com/game.php?id=680234"]
[Date "2009.11.9"]
[Round "-"]
[White "tiagohi"]
[Black "kre"]
[Result "1-0"]
[WhiteElo "1350"]
[BlackElo "1511"]

1. e4 Nc6 2. d4 d5 3. e5 e6 4. c3 f6 5. f4 f5 6. Nf3 h6 7. b4 a5 8. a3 axb4 9.
cxb4 g5 10. g3 g4 11. Be2 gxf3 12. Bxf3 h5 13. Bxh5+ Ke7 14. Nd2 Nxd4 15. Nb1
Bd7 16. Qxd4 Rxh5 17. Nd2 Ke8 18. Qd3 Ne7 19. Nb3 b6 20. Qe2 c5 21. Qxh5+ Ng6
22. Qxg6+ Ke7 23. g4 fxg4 24. Rg1 c4 25. Nd4 Qe8 26. Rxg4 Qxg6 27. Rxg6 Ba4 28.
Rxe6+ Kd7 29. f5 c3 30. Rxb6 Kc7 31. Rf6 Bd7 32. Bf4 Kb7 33. e6 Re8 34. Kd1 Ba4+
35. Ke2 Rc8 36. Rf7+ Kb6 37. Rg1 c2 38. e7 Bxe7 39. Rxe7 Rc4 40. Rg6+ Bc6 41.
Nxc6 Rxf4 42. Na7# 1-0

[Event "Xadrez !!"]
[Site "http://www.queenalice.com/game.php?id=680236"]
[Date "2009.11.9"]
[Round "-"]
[White "kre"]
[Black "tiagohi"]
[Result "1-0"]
[WhiteElo "1452"]
[BlackElo "1353"]

1. e4 e5 2. Qf3 f6 3. Nc3 c6 4. d3 Bb4 5. a3 Ba5 6. b4 Bb6 7. Na4 d6 8. Nxb6
Qxb6 9. Be3 c5 10. bxc5 dxc5 11. Qd1 Qb2 12. Bxc5 Nc6 13. Rb1 Qc3+ 14. Qd2 Qxa3
15. Bxa3 Nh6 16. Ne2 Kf7 17. f4 b6 18. fxe5 fxe5 19. Ng3 Bg4 20. h3 Be6 21. Qg5
g6 22. Qxh6 Nd4 23. Qd2 Rac8 24. Rc1 Rc6 25. h4 Rf8 26. Bxf8 Kxf8 27. Qh6+ Kg8
28. h5 Bf7 29. hxg6 Rxg6 30. Qxh7+ Kf8 31. Ne2 a5 32. Nxd4 Ke7 33. Nf5+ Kf6 34.
d4 1-0

[Event "Challenge"]
[Site "http://www.queenalice.com/game.php?id=687887"]
[Date "2009.11.24"]
[Round "-"]
[White "tiagohi"]
[Black "FENIX_RJ"]
[Result "1-0"]
[WhiteElo "1415"]
[BlackElo "1436"]

1. e4 e5 2. c3 Nf6 3. f3 Nc6 4. d4 exd4 5. cxd4 Bb4+ 6. Bd2 d5 7. Bxb4 Nxb4 8.
Na3 c6 9. Qd2 Qe7 10. e5 Nh5 11. g4 Nf4 12. Qxf4 Qh4+ 13. Ke2 g5 14. Qf6 O-O 15.
Nh3 b6 16. Nxg5 h6 17. Nh3 Ba6+ 18. Kd1 Qxf6 19. exf6 c5 20. dxc5 bxc5 21. Bg2
Rae8 22. f4 Re6 23. g5 Re2 24. Bf3 Rxb2 25. gxh6 Kh7 26. Ng5+ Kxh6 27. h4 Nd3
28. Rf1 Nf2+ 29. Rxf2 Rxf2 30. Nb1 Re8 31. Nxf7+ Kg6 32. Ne5+ Kf5 33. Ke1 Rf1+
34. Kd2 Rf2+ 35. Ke3 Rf1 36. a4 d4+ 37. Kd2 Kxf4 38. Ra3 Rxe5 39. Kc2 d3+ 40.
Rxd3 1-0

[Event "XadreZ !!!!"]
[Site "http://www.queenalice.com/game.php?id=735083"]
[Date "2010.2.20"]
[Round "-"]
[White "tiagohi"]
[Black "elche"]
[Result "0-1"]
[WhiteElo "1367"]
[BlackElo "1676"]

1. e4 c5 2. Qh5 e6 3. d3 Nf6 4. Qh4 d6 5. Be2 Be7 6. Qg3 Bf8 7. Nc3 Nc6 8. Bf4
Nd4 9. O-O-O e5 10. Be3 Nxe2+ 11. Ngxe2 Bg4 12. f3 Bh5 13. f4 Bxe2 14. Nxe2 exf4
15. Nxf4 Qa5 16. a3 O-O-O 17. Nd5 Nxd5 18. exd5 Kb8 19. Rhf1 Qc7 20. Rf3 f6 21.
Qf2 Be7 22. d4 cxd4 23. Bxd4 b6 24. a4 Rhf8 25. a5 bxa5 26. Rb3+ Ka8 27. Rdd3
Rb8 28. Rdc3 Qd7 29. Rxb8+ Kxb8 30. Rb3+ Ka8 31. Bc3 a4 32. Ra3 Rb8 33. Qd4 Qb5
34. g4 Qf1+ 35. Kd2 Qg2+ 36. Kd1 Qxh2 37. Rxa4 Qh1+ 38. Kd2 Qg2+ 39. Kd3 Rb7 40.
b4 Qf1+ 41. Kd2 Qb5 42. Ra1 Qd7 43. g5 Qh3 44. b5 Qg2+ 45. Kc1 Qxg5+ 46. Bd2 Qe5
47. Qc4 Qxa1# 0-1

[Event "XadreZ !!!!"]
[Site "http://www.queenalice.com/game.php?id=735084"]
[Date "2010.2.20"]
[Round "-"]
[White "tiagohi"]
[Black "elche"]
[Result "0-1"]
[WhiteElo "1369"]
[BlackElo "1732"]

1. e4 c5 2. Qh5 e6 3. Nf3 Nf6 4. Qh4 Be7 5. Qg3 O-O 6. d3 Re8 7. Bh6 Bf8 8. Nbd2
Nh5 9. Qg4 g6 10. Bxf8 Rxf8 11. Ng5 f6 12. Nh3 d6 13. Qf3 e5 14. Be2 Nc6 15. g4
Nd4 16. Qg3 Nxg3 17. hxg3 Nxe2 18. Kxe2 f5 19. gxf5 gxf5 20. c4 fxe4 21. Nxe4
Bxh3 22. Rxh3 Rf7 23. Rh6 Qb6 24. b3 Raf8 25. Rxd6 Rxf2+ 26. Nxf2 Qxd6 27. Rf1
Qd4 28. Ne4 Qb2+ 0-1

[Event "XadreZ !!!!"]
[Site "http://www.queenalice.com/game.php?id=735085"]
[Date "2010.2.20"]
[Round "-"]
[White "mapecole"]
[Black "tiagohi"]
[Result "0-1"]
[WhiteElo "1326"]
[BlackElo "1363"]

1. e4 d5 2. exd5 Qxd5 3. c4 Qd4 4. d3 e5 5. Nf3 Qc5 6. Be3 Qb4+ 7. Nc3 Qxb2 8.
Nd5 Na6 9. d4 f6 10. c5 b6 11. cxb6 axb6 12. Bc1 Qxa1 13. dxe5 fxe5 14. Bxa6 Bd6
15. Bxc8 Rxc8 16. O-O Qxa2 17. Nh4 Nf6 18. Nxf6+ gxf6 19. Nf5 Qe6 20. Ng7+ Kf7
21. Nxe6 Kxe6 22. Qg4+ f5 23. Qc4+ Kf6 24. g3 Rcg8 25. h4 Rg4 26. Qa6 f4 27. f3
Rxg3+ 28. Kf2 Rhg8 29. Ke1 Re8 30. Ba3 Bxa3 31. Qxa3 e4 32. Qc3+ Re5 33. Qc6+
Ke7 34. Qxc7+ Kf6 35. Qxb6+ Re6 36. Qd8+ Ke5 37. Qh8+ Kd5 38. Qxh7 exf3+ 39. Kd1
Rd6 40. Qf5+ Kc6+ 41. Kc1 f2 42. Qe4+ Kd7 43. Qb7+ Ke6 44. Qc8+ Ke5 45. Qh8+ Ke4
46. Qe8+ Kf3 47. Qh5+ Kg2 48. Rd1 Rc3+ 49. Kb2 Rxd1 50. Qxd1 f1=Q 51. Qg4+ Kh1
52. Qc8 Qc1+ 53. Ka2 Rxc8 0-1

[Event "XadreZ !!!!"]
[Site "http://www.queenalice.com/game.php?id=735086"]
[Date "2010.2.20"]
[Round "-"]
[White "elche"]
[Black "tiagohi"]
[Result "1-0"]
[WhiteElo "1706"]
[BlackElo "1372"]

1. e4 d5 2. exd5 Qxd5 3. Nc3 Qc5 4. Nf3 c6 5. Be2 e5 6. O-O Bd6 7. Ne4 Qb6 8.
Nxd6+ Ke7 9. Nxc8+ Kd8 10. Nxb6 axb6 11. Nxe5 Nh6 12. d4 Ra5 13. Bxh6 gxh6 14.
Nxf7+ 1-0

[Event "XadreZ !!!!"]
[Site "http://www.queenalice.com/game.php?id=763199"]
[Date "2010.4.19"]
[Round "-"]
[White "tiagohi"]
[Black "karpovl"]
[Result "0-1"]
[WhiteElo "1468"]
[BlackElo "1590"]

1. e4 e5 2. Qh5 d6 3. Nf3 Nf6 4. Qg5 h6 5. Qe3 Bg4 6. h3 Bxf3 7. Qxf3 c6 8. Na3
d5 9. d3 Bb4+ 10. c3 dxe4 11. dxe4 Bxa3 12. bxa3 Nbd7 13. Qg3 Qa5 14. Be2 Nxe4
15. Qxg7 O-O-O 16. Qxf7 Qxc3+ 17. Kf1 Qxa1 18. Qc4 Nd2+ 19. Kg1 Nxc4 20. g4
Qxc1+ 21. Kg2 Qf4 22. f3 Ne3+ 23. Kf2 Qd4 24. Kg3 Qf4+ 25. Kf2 e4 26. a4 exf3
27. Bxf3 Rhf8 28. Kg1 Qg3+ 0-1

[Event "XadreZ !!!!"]
[Site "http://www.queenalice.com/game.php?id=763200"]
[Date "2010.4.19"]
[Round "-"]
[White "Alvim"]
[Black "tiagohi"]
[Result "1-0"]
[WhiteElo "1507"]
[BlackElo "1442"]

1. e4 e5 2. f4 exf4 3. Nf3 Qe7 4. Bc4 Qxe4+ 5. Qe2 f5 6. Nc3 Qxe2+ 7. Nxe2 Bd6
8. d4 c6 9. Nxf4 b5 10. Bb3 Na6 11. Ng5 Nh6 12. O-O Ng4 13. Re1+ Kd8 14. Nf7+
Kc7 15. Nxh8 Bb7 16. Nf7 g6 17. Nxd6 Kxd6 18. Nd3 c5 19. Bf4+ Kc6 20. d5+ Kb6
21. a4 b4 22. a5+ Kb5 23. c4+ 1-0

[Event "XadreZ !!!!"]
[Site "http://www.queenalice.com/game.php?id=763201"]
[Date "2010.4.19"]
[Round "-"]
[White "tiagohi"]
[Black "brancao"]
[Result "1-0"]
[WhiteElo "1440"]
[BlackElo "1748"]

1. e4 e5 2. Qh5 Nc6 3. Nf3 g6 4. Qg5 Nf6 5. b3 Nxe4 6. Qe3 f5 7. Nc3 Nxc3 8.
Qxc3 Qf6 9. d3 Bb4 10. Qxb4 e4 11. dxe4 fxe4 12. Qxe4+ Kf7 13. Bc4+ Kf8 14. g4
Qxa1 15. Kd2 d6 16. Re1 Bd7 17. Qf4+ Kg7 18. g5 Rhf8 19. Qe4 Rae8 20. Qh4 Rxf3
21. Rxe8 Bxe8 22. Qh6+ Kh8 23. Ke2 Rf8 24. Qxf8# 1-0

[Event "XadreZ !!!!"]
[Site "http://www.queenalice.com/game.php?id=763202"]
[Date "2010.4.19"]
[Round "-"]
[White "brancao"]
[Black "tiagohi"]
[Result "1-0"]
[WhiteElo "1562"]
[BlackElo "1432"]

1. e4 e5 2. Nf3 d6 3. Bb5+ Bd7 4. Bc4 Qf6 5. d3 Qg6 6. Ng5 Be7 7. h4 h6 8. Bxf7+
Kf8 9. Bxg6 Bxg5 10. hxg5 Na6 11. Qf3+ Ke7 12. Qf7+ Kd8 13. Qf8+ Be8 14. Qxe8#
1-0